000
00223 a2200097 4500
001
51497
100
_a
Anderson J D
245
_a
Fundamentals of Aerodynamics
260
_a
New York
_b
McGraw Hill
_c
090
_c
32621
_d
32621
942
_a
NUST-CAE
_c
M
_c
25138
999
_c
286570
_d
286570